Statistics for Every Track Indycar Has Raced At

Click here to take the quiz!

General Stats

  • This quiz has been taken 73 times
  • The average score is 37 of 45

Answer Stats

Year(s) AcvtiveNumber of RacesStateAnswer% Correct
1996-28INIndianapolis Motor Speedway
100%
2023-1MIStreets of Detroit
100%
2008-2019, 2021-15CALong Beach Street Circuit
98%
2001-201010ILChicagoland Speedway
96%
1997-36TXTexas Motor Speedway
96%
2009-2019, 2022-15CANExhibition Place
94%
2014-15INIndianapolis Grand Prix Circuit
94%
2001-20088TNNashville Superspeedway
94%
2021-3TNStreets of Nashville
94%
2005-19FLStreets of St. Petersburg
94%
1997-20005NVLas Vegas Motor Speedway
92%
2019, 2021-4CAWeathertech Raceway Laguna Seca
92%
2007-2020, 2022-19IAIowa Speedway
90%
2007-18OHMid-Ohio Sports Car Course
90%
2018-2019, 2021-5ORPortland International Raceway
90%
2010-13ALBarber Motorsports Park
88%
2016-9WIRoad America
88%
20191TXCircuit of the Americas
86%
2001-201010KSKansas Speedway
86%
2003-20119JapanTwin Ring Motegi Superspeedway
86%
1998-20014GAAtlanta Motor Speedway
84%
1997-1998, 20114NHNew Hampshire Motor Speedway
84%
1996-2005, 2016-201813AZPhoenix Raceway
84%
2010-20134BrazilStreets of Sao Paulo
84%
1997-19982NCCharlotte Motor Speedway
82%
2013-20197PAPocono Raceway
82%
2007-2008, 2012-2019, 2021-202220MIThe Raceway at Belle Isle
82%
2005-2010, 2016-20178NYWatkins Glen International
82%
2002-20076MIMichigan International Speedway
80%
1998-19992DEDover Motor Speedway
78%
2000-201112KYKentucky Speedway
78%
2004-2009, 2011-201511WIMilwaukee Mile
78%
2001-201010FLHomestead-Miami Speedway
76%
2013-20144TXNRG Park Stadium Circuit
76%
2005-201814CASonoma Raceway
76%
20081AUSurfers Paradise Street Circuit
76%
2002-2005, 2012-20158CAAuto Club Speedway
74%
2011-20133MDStreets of Baltimore
72%
2001-2003, 2017-11ILWorld Wide Technology Raceway
70%
20151LANOLA Motorsports Park
68%
2001-20099VARichmond Raceway
62%
2008-20125CANEdmonton City Centre Airport
60%
1997-200510COPikes Peak International Raceway
60%
2002-20043PANazareth Speedway
58%
1996-20005FLWalt Disney World Speedway
58%

Score Distribution

Percentile by Number Answered

Percent of People with Each Score

Your Score History

You have not taken this quiz